Supplemento a "Camminiamo anche noi in novità di vita" (Record n. 98500)
[ formato base ]
| 000 -LEADER | |
|---|---|
| fixed length control field | 01895nam a22001817a 4500 |
| 003 - CONTROL NUMBER IDENTIFIER | |
| control field | IT-RoPau |
| 005 - DATE AND TIME OF LATEST TRANSACTION | |
| control field | 20220918181105.0 |
| 008 - FIXED-LENGTH DATA ELEMENTS--GENERAL INFORMATION | |
| fixed length control field | 130508b xxu||||| |||| 00| 0 eng d |
| 040 ## - CATALOGING SOURCE | |
| Transcribing agency | IT-RoPau |
| 100 ## - MAIN ENTRY--PERSONAL NAME | |
| Personal name | Centro di Spiritualita Paolina |
| 9 (RLIN) | 518 |
| 245 ## - TITLE STATEMENT | |
| Title | Supplemento a "Camminiamo anche noi in novità di vita" |
| 250 ## - EDITION STATEMENT | |
| Edition statement | 1° ed |
| 260 ## - PUBLICATION, DISTRIBUTION, ETC. (IMPRINT) | |
| Place of publication, distribution, etc. | Ariccia (Roma) |
| Name of publisher, distributor, etc. | Centro di Spiritualità Paolina - Casa Divino Maestro |
| Date of publication, distribution, etc. | 1979 |
| 300 ## - PHYSICAL DESCRIPTION | |
| Extent | 24 pp. |
| Dimensions | 33 cm |
| 490 ## - SERIES STATEMENT | |
| Series statement | "Camminiamo anche noi in novità di vita" |
| Volume/sequential designation | n° 5 - aprile 1979 |
| 520 ## - SUMMARY, ETC. | |
| Summary, etc. | Sommario<br/><br/>I. (6 maggio, domenica)<br/>"Quel che é generato in lei, viene dallo Spirito Santo" (Mat 1,20)<br/>II. (7 maggio, lunedì)<br/>"Beata colei che ha creduto all'adempimento della parola del Signore" (Luc 1,45)<br/>III. (8 maggio, martedì)<br/>"Trovarono il Bambino con Maria sua Madre" (Mat 2,11)<br/>"Fate quello che vi dirà"' (Giov 2,5)<br/>IV. (9 maggio, mercoledì)<br/>"Ecco la serva del Signore: Si faccia di me secondo la tua parola" (Luc 1,38)<br/>V. (10 maggio, giovedì)<br/>"Dio mando il suo Figlio, nato da donna" ( Gal 4,4)<br/>VI. (11 maggio, venerdì)<br/>"A che debbo che la Madre del Signore venga a me?" (Luc 1,43)<br/>VII. (12 maggio, sabato)<br/>"Ave Maria, piena di grazia" (Luc 1,28)<br/>"Ripieni di tutta la pienezza di Dio" (Ef 3,19)<br/>VIII. (13 maggio, domenica)<br/>"Lo Spirito mi renderà testimonianza, e anche voi mi renderete testimonianza, perché siete con me fin dal principio" (Giov 15, 26-27)<br/>IX. (14 maggio, lunedì)<br/>"Mi ricordo del sogno che avevo visto... la piccola sorgente che divenne un fiume, la luce che spuntò, il sole e l'acqua copiosa". (Ester 10, 3 b-c)<br/>In cammino verso la Pentecoste<br/>A) Il saluto - l'ascolto - la risposta<br/>B) Con Maria, nel mistero della Chiesa<br/>C) Maria nella storia: Una madre per l"Uomo"<br/>D) Maria, Regina degli Apostoli<br/>E) Con Maria, in fervida attesa dello Spirito<br/>3 giugno, Pentecoste "Totus tuus eso sum" |
| 942 ## - ADDED ENTRY ELEMENTS (KOHA) | |
| Source of classification or shelving scheme | Dewey Decimal Classification |
| Koha item type | RIVISTA |
| Withdrawn status | Lost status | Source of classification or shelving scheme | Damaged status | Not for loan | Home library | Current library | Date acquired | Total Checkouts | Full call number | Barcode | Date last seen | Price effective from | Koha item type |
|---|---|---|---|---|---|---|---|---|---|---|---|---|---|
| Dewey Decimal Classification | Buone Condizioni | Not For Loan | PAULUS-BIBLIOTECA | PAULUS-BIBLIOTECA | 08/05/2013 | P C6 | Sp FP 14 | 08/05/2013 | 08/05/2013 | RIVISTA |